| 000 | 00000nam##2200000za#4500 |
| 001 | 9.599556 |
| 003 | CaOODSP |
| 005 | 20240501092931 |
| 007 | cr ||||||||||| |
| 008 | 150406|1998||||xxc|||||o f|0| 0 fre|d |
| 040 | |aCaOODSP|bfre |
| 043 | |an-cn--- |
| 086 | 1 |aPS83-3/75F-PDF |
| 110 | 2 |aService correctionnel Canada. |
| 245 | 10|aExamen des besoins des délinquants : |h[ressource électronique]|ble domaine de la toxicomanie / |cpar Fred J. Boland, Katherine Henderson et Jan Baker. |
| 260 | |bService correctionnel Canada |cMars 1998. |
| 300 | |a120p.|bréférences, tableaux |
| 490 | 1 |aRapport de recherche|v[R-75] |
| 590 | |a10-12-Supp|b2010-11-18 |
| 720 | 1 |aBoland, Fred J. |
| 720 | 1 |aHenderson, Katherine |
| 720 | 1 |aBaker, Jan |
| 775 | 08|tCase needs review : |w(CaOODSP)9.568266 |
| 830 | #0|aRapport de recherche (Service correctionnel Canada. Direction de la recherche)|v[R-75]|w(CaOODSP)9.502465 |
| 856 | 40|ahttp://publications.gc.ca|qPDF|s313 Ko|uhttps://publications.gc.ca/collections/collection_2010/scc-csc/PS83-3-75-fra.pdf|y[R-75] |